| 000 | 01310cam a2200337 a 4500 | ||
|---|---|---|---|
| 999 |
_c330687 _d330687 |
||
| 001 | 12767040 | ||
| 003 | NUST | ||
| 005 | 20170729145642.0 | ||
| 008 | 011222s2001 ii b 000 0 eng | ||
| 010 | _a 2001413530 | ||
| 020 | _a9693514211 | ||
| 025 | _aI-E-2001-413530; 62-91; 26 | ||
| 035 | _a(DLC) 2001413530 | ||
| 037 |
_bLibrary of Congress -- New Delhi Overseas Office _cRs250.00 |
||
| 040 |
_aDLC _cDLC _dDLC |
||
| 042 | _alcode | ||
| 043 |
_aa-ii--- _aa-pk--- |
||
| 050 | 0 | 0 |
_aDS480.842 _b.L34 2001 |
| 082 |
_a954.9143 _bSAL |
||
| 245 | 0 | 0 |
_aLahore 1947 / _ceditor, Ahmad Salim ; introduction by Ian Talbot. |
| 260 |
_aLahore : _bSang -e mil publications, _c2003. |
||
| 300 |
_a307 p. ; _c22 cm. |
||
| 504 | _aIncludes bibliographical references (p. 277). | ||
| 651 | 0 |
_aIndia _xHistory _yPartition, 1947 _vPersonal narratives. _93642 |
|
| 651 | 0 |
_aLahore (Pakistan) _xHistory. _93643 |
|
| 700 | 0 |
_aAḥmad Salīm, _d1945- _93644 |
|
| 856 | 4 | 2 |
_3Contributor biographical information _uhttp://www.loc.gov/catdir/enhancements/fy1105/2001413530-b.html |
| 856 | 4 | 2 |
_3Publisher description _uhttp://www.loc.gov/catdir/enhancements/fy1105/2001413530-d.html |
| 906 |
_a7 _bcbc _corigode _d3 _encip _f20 _gy-gencatlg |
||
| 942 |
_2ddc _cBK |
||